Washington DC Metro Stations (with map) - Statistics

General Stats
  • This quiz has been taken 414 times
  • The average score is 49 of 97
Answers on the Map
Answers color-coded by a green-red scale on the quiz's map according to % correct below.
 
Answer Stats
Answer % Correct
Metro Center
82%
Washington Dulles International Airport
82%
Arlington Cemetery
80%
Pentagon
79%
L'Enfant Plaza
77%
Foggy Bottom-GWU
76%
Smithsonian
76%
Dupont Circle
75%
Gallery Place
75%
Vienna
74%
Ronald Reagan Washington National Airport
72%
Union Station
72%
Bethesda
71%
Rosslyn
71%
Farragut North
70%
Farragut West
68%
Navy Yard-Ballpark
67%
Shady Grove
67%
Crystal City
65%
Woodley Park
65%
Franconia-Springfield
64%
Greenbelt
64%
Silver Spring
63%
Tenleytown-AU
63%
Glenmont
62%
Downtown Largo
61%
King St-Old Town
61%
New Carrollton
61%
Tysons
60%
Ballston-MU
59%
Anacostia
58%
Ashburn
58%
Pentagon City
58%
U St
57%
Archives
56%
Stadium-Armory
56%
Fort Totten
55%
NoMa-Gallaudet U
55%
Rockville
55%
Judiciary Sq
54%
Virginia Sq-GMU
54%
East Falls Church
53%
Federal Triangle
53%
Friendship Heights
53%
Mt Vernon Sq
52%
Van Ness-UDC
52%
Waterfront
52%
Braddock Rd/Potomac Yard
51%
Shaw-Howard U
51%
West Falls Church
51%
Cleveland Park
50%
College Park-U of Md
50%
Huntington
50%
McPherson Sq
50%
Reston Town Center
50%
Brookland-CUA
49%
Court House
49%
Clarendon
48%
Capitol South
47%
McLean
47%
Takoma
47%
Wheaton
47%
Branch Ave
46%
Medical Center
46%
Rhode Island Ave
46%
Eastern Market
45%
North Bethesda
45%
Columbia Heights
41%
Georgia Ave-Petworth
40%
Grosvenor-Strathmore
38%
Twinbrook
37%
Wiehle-Reston East
37%
Eisenhower Ave
34%
Dunn Loring
33%
Herndon
33%
Van Dorn St
33%
Innovation Center
31%
Suitland
31%
Capitol Heights
30%
Forest Glen
30%
Minnesota Ave
30%
Congress Heights
29%
Federal Center SW
29%
Greensboro
29%
Landover
29%
Potomac Ave
29%
West Hyattsville
29%
Benning Rd
27%
Cheverly
27%
Loudoun Gateway
26%
Morgan Blvd
25%
Spring Hill
25%
Addison Rd
24%
Hyattsville Crossing
24%
Deanwood
22%
Southern Ave
19%
Naylor Rd
18%
No matching quizzes found
Score Distribution
Percent of People with Each Score
Percentile by Number Answered
Your Score History
You have not taken this quiz